Score 0/20 Timer 02:00
0 Plays Today
Clue Answer % Correct
Salty drops that fall from your eyes Tears
96%
Lewis and _____ (explorers)Clark
93.9%
Burns or scorches the surfaceSears
92.9%
Deck the _____ with boughs of HollyHalls
89.9%
Portion belonging to each personShare
87.9%
Marine fish with a fierce reputationShark
87.9%
Succession of clicks: Click - _____Clack
85.9%
Social gatherings or spherical objectsBalls
85.9%
Liberty and Big BenBells
85.9%
Roughly built cabinShack
83.8%
Clue Answer % Correct
Hanging down looseSlack
83.8%
Monster's Ball actress Ms BerryHalle
82.8%
What a boxer does in trainingSpars
80.8%
A television set in the UKTelly
80.8%
Gives a detailed account ofTells
79.8%
Small dabbling ducksTeals
76.8%
Between the chest and the pelvisBelly
76.8%
In addition to what is requiredSpare
75.8%
Major city in Sri LankaGalle
24.2%
Triangular end wall of a buildingGable
20.2%
Remove Ads.
Support Sporcle.
Get the best of Sporcle when you Go Orange. This ad-free experience offers more features, more stats, and more fun while also helping to support Sporcle. Thank you for becoming a member.

You're not logged in!

Compare scores with friends on all Sporcle quizzes.
OR
Log In

Show Comments

Extras

Top Quizzes Today


Score Distribution

Your Account Isn't Verified!

In order to create a playlist on Sporcle, you need to verify the email address you used during registration. Go to your Sporcle Settings to finish the process.

Report this User

Report this user for behavior that violates our Community Guidelines.

Details: